Human biology
Tallennettuna:
| Päätekijä: | |
|---|---|
| Muut tekijät: | |
| Kieli: | Undetermined English |
| Julkaistu: |
Dubuque, IA
Wm. C. Brown Publishers
1992
|
| Aiheet: | |
| Tagit: |
Lisää tagi
Ei tageja, Lisää ensimmäinen tagi!
|
| Thư viện lưu trữ: | Trung tâm Học liệu Trường Đại học Trà Vinh |
|---|
| LEADER | 00642nam a2200253Ia 4500 | ||
|---|---|---|---|
| 001 | TVU_17621 | ||
| 008 | 210423s9999 xx 000 0 und d | ||
| 020 | |a 0697138372 | ||
| 020 | |a 9780697138378 | ||
| 041 | |a eng | ||
| 082 | |a 612 | ||
| 082 | |b M102 | ||
| 100 | |a Mader, Sylvia S. | ||
| 245 | 0 | |a Human biology | |
| 245 | 0 | |c Sylvia S. Mader | |
| 260 | |a Dubuque, IA | ||
| 260 | |b Wm. C. Brown Publishers | ||
| 260 | |c 1992 | ||
| 300 | |a xvi, 502 p. | ||
| 300 | |b ill. (some col.) | ||
| 300 | |c 28 cm | ||
| 650 | |a Human biology; Biology; Physiology | ||
| 700 | |a Sylvia S. Mader | ||
| 980 | |a Trung tâm Học liệu Trường Đại học Trà Vinh | ||


